| 000 | 00555nam a2200193Ia 4500 | ||
|---|---|---|---|
| 003 | GCL | ||
| 008 | 140319s9999 xx 000 0 ara d | ||
| 040 |
_aGCL / _cGCL |
||
| 082 | 0 | 4 |
_a631.3 _bف م |
| 100 | 1 | _aخيز، مارشال ف. | |
| 245 | 1 | 0 |
_aمبادىء الالات الزراعية / _cخيز، مارشال ف. |
| 700 | 1 | _aمحمد فؤاد وهبى | |
| 300 | _a615 ص | ||
| 490 |
_aكتاب _v0 |
||
| 650 | 0 | 4 | _aالزراعة |
| 650 | 0 | 4 | _aالالات الزراعية |
| 650 | 0 | 4 | _aالميكنة الزراعية |
| 942 |
_2ddc _cBK |
||
| 999 |
_c41563 _d41563 |
||